Statistiques concernant Nekfeu - Paroles Takotsubo

Cliquez ici pour prendre le quiz!

Statistiques générales

  • Ce quiz a été pris 71 fois
    (69 depuis la dernière actualisation)
  • Le résultat moyen est 394 sur 499

Statistiques - réponses

Répondre% Correct
de
100%
Je
100%
je
100%
La
100%
100%
la
100%
l'a
100%
Le
100%
le
100%
m'a
100%
on
100%
On
100%
Quand
100%
quand
100%
a
95%
A
95%
à
95%
ai
95%
ça
95%
ce
95%
Dans
95%
dans
95%
Des
95%
des
95%
du
95%
et
95%
Et
95%
j'ai
95%
J'ai
95%
Mais
95%
mais
95%
me
95%
mes
95%
pas
95%
se
95%
va
95%
au
90%
Au
90%
ces
90%
c'est
90%
C'est
90%
en
90%
est
90%
les
90%
même
90%
meme
90%
mer
90%
moi
90%
par
90%
que
90%
qui
90%
Qui
90%
sa
90%
s'est
90%
si
90%
t'es
90%
centaines
86%
chez
86%
décoché
86%
deux
86%
équipe
86%
fait
86%
fort
86%
frère
86%
j'en
86%
J'me
86%
j'me
86%
ou
86%
part
86%
qu'on
86%
réconfort
86%
rue
86%
tout
86%
y
86%
antennes
81%
appris
81%
Avec
81%
avec
81%
cherchaient
81%
clash
81%
compliqué
81%
darons
81%
décrochait
81%
d'etre
81%
dit
81%
escaliers
81%
était
81%
Faut
81%
faut
81%
gêne
81%
J'suis
81%
j'suis
81%
khos
81%
l'équipe
81%
Mon
81%
nous
81%
piques
81%
Plus
81%
plus
81%
pour
81%
pu
81%
puis
81%
simple
81%
sons
81%
soulever
81%
sur
81%
trop
81%
Un
81%
un
81%
Une
81%
valises
81%
arrêtant
76%
aussi
76%
autres
76%
C'était
76%
chères
76%
cinq
76%
Devant
76%
fond
76%
ils
76%
J'dévalise
76%
J'dormais
76%
jour
76%
j'reste
76%
mec
76%
merde
76%
Parti
76%
p't-etre
76%
reves
76%
sapes
76%
seul
76%
sirènes
76%
sociaux
76%
sont
76%
tieks
76%
tracasse
76%
vif
76%
vrai
76%
accordées
71%
ambulance
71%
aura
71%
backgrounds
71%
brins
71%
cas
71%
centime
71%
chacals
71%
chiffres
71%
choquer
71%
cimetière
71%
connu
71%
craindre
71%
descendait
71%
désormais
71%
d'essayer
71%
d'euro
71%
durs
71%
Elles
71%
espèce
71%
espoirs
71%
Essayer
71%
Fasciné
71%
frères
71%
gens
71%
gifles
71%
gisent
71%
grossira
71%
histoire
71%
insouciant
71%
j'avais
71%
Jeep
71%
jouaient
71%
jouais
71%
J'parlais
71%
j'sois
71%
kilos
71%
l'avenir
71%
mêmes
71%
moins
71%
morbide
71%
muguets
71%
nos
71%
ont
71%
passe
71%
peu
71%
presques
71%
pris
71%
prouver
71%
qu'au
71%
qu'un
71%
rap
71%
rien
71%
rôles
71%
shit
71%
shops
71%
suicide
71%
tenté
71%
vendent
71%
vides
71%
vrais
71%
y'a
71%
blesse
67%
cauchemar
67%
ceux
67%
chacun
67%
comme
67%
compris
67%
cri
67%
crime
67%
dehors
67%
d'ennui
67%
disparaitra
67%
disparu
67%
Donc
67%
drame
67%
Emu
67%
encore
67%
face
67%
flambe
67%
forme
67%
humé
67%
j'aime
67%
j'étais
67%
j'mens
67%
lache
67%
l'age
67%
laisse
67%
l'arme
67%
mémoire
67%
mif
67%
67%
ogive
67%
premier
67%
prod
67%
qu'aux
67%
romantisent
67%
sens
67%
souviens
67%
tête
67%
toujours
67%
transformera
67%
vent
67%
vérité
67%
voila
67%
chaude
62%
choses
62%
d'espace
62%
doux
62%
enfreintes
62%
eux
62%
front
62%
haine
62%
histoires
62%
j'gêne
62%
j'monte
62%
Laissera
62%
l'art
62%
l'envie
62%
L'un
62%
m'approprier
62%
murs
62%
peine
62%
prix
62%
règles
62%
savoir
62%
Sevran
62%
siennes
62%
soldats
62%
sparadraps
62%
té-ma
62%
t'empruntes
62%
t'espères
62%
vengeais
62%
veulent
62%
vive
62%
aurait
57%
bigarrée
57%
bougé
57%
d'elles
57%
d'embrun
57%
destin
57%
exploits
57%
gèle
57%
gout
57%
j'remercierai
57%
j'tiens
57%
l'homme
57%
malappris
57%
qu'le
57%
sang
57%
sauverait ?
57%
sauveront
57%
seront
57%
sorti
57%
traitres
57%
connards
52%
G's
52%
jusqu'à
52%
lumière
52%
mettre
52%
micro
52%
n'aime
52%
prévoir
52%
renversera
52%
s'affrontent
52%
sans
52%
tard
52%
chefs
48%
couleur
48%
Isma
48%
malette
48%
rire
48%
safran
48%
souffrances
48%
aucun
43%
Petit
43%
sevrés
43%
Alors
38%
ciel
38%
j'refuse
38%
offrandes
38%
Ouais
38%
brille
33%
frein
29%
l'esprit
29%
traversera
29%
zèle
29%

Distribution des résultats

Percentile par nombre de réponses

% des personnes avec chaque résultat

Votre développement - résultats

Vous n’avez pas pris ce quiz depuis la dernière actualisation